Statistiche per Grandi della letteratura americana

Clicka qui per fare il quiz!

Statistiche generali

  • Questo quiz è stato fatto 70 volte
  • Il punteggio medio è 10 su 27

Statistiche sulle risposte

OperaAutore% Corretto
Il vecchio e il mareErnest Hemingway
90%
Il codice Da VinciDan Brown
86%
Il grande GatsbyFrancis Scott Fitzgerald
81%
Moby DIck o la balenaHerman Melville
73%
Piccole donneLouisa May Alcott
71%
Racconti del terroreEdgar Allan Poe
66%
Le avventure di Tom SawyerMark Twain
66%
La lettera scarlattaNathaniel Hawthorne
56%
Fahrenheit 451Ray Bradbury
56%
On the roadJack Kerouac
53%
Foglie d'erbaWalt Whitman
41%
Pastorale americanaPhilip Roth
36%
Antologia di Spoon RIverEdgar Lee Masters
34%
Il giro di viteHenry James
27%
La terra desolataThomas Stearns Eliot
25%
Pian della TortillaJohn Steinbeck
24%
Il colore venuto dallo spazioHoward Phillips Lovecraft
20%
L'ultimo dei MohicaniJames Fenimor Cooper
20%
CantosEzra Pound
19%
L'uomo nell'alto castelloPhilip Kendrick Dick
19%
Pulp. Una storia del XX secoloCharles Bukowski
17%
La capanna dello zio TomHarriet Beecher Stowe
17%
L'almanacco del povero RiccardoBenjamin Franklin
12%
Geometrie dell'estasi. Bollettini dall'immortalitàEmily Elizabeth Dickinson
12%
C'era una volta gli americaniGertrude Stein
10%
Tre soldatiJohn Dos Passos
8%
SartorisWilliam Faulkner
8%

Distribuzione punteggi

Percentile per numero di risposta

Percentuale di utenti per punteggio

I tuoi punteggi nel tempo

Non hai fatto questo quiz